Normal view
MARC view
Entry Topical Term
001 - CONTROL NUMBER
- control field: 15763
003 - CONTROL NUMBER IDENTIFIER
- control field: HDC
005 - DATE AND TIME OF LATEST TRANSACTION
- control field: 20230624073450.0
008 - FIXED-LENGTH DATA ELEMENTS
- fixed length control field: 210219|| aca||aabn | a|a d
040 ## - CATALOGING SOURCE
- Original cataloging agency: HDC
- Transcribing agency: HDC
150 ## - HEADING--TOPICAL TERM
- Topical term or geographic name entry element: Small business
- General subdivision: Herbs
670 ## - SOURCE DATA FOUND
- Source citation: Work cat.: (HDC): Mohd Nur Hafidz Nordin, author 15762, Ramuan menjadi : Peguam labur wang hasil herba kesihatan /, 2014
